كتاب العشرة مقالات فى العين المذسوب لحنين بن اسحق(264-194 ه) / (Record no. 31363)
[ view plain ]
| 000 -الفاتح | |
|---|---|
| حقل البيانات ثابتة الطول | 00584nam a2200193Ia 4500 |
| 008 - عناصر البيانات ثابتة الطول - معلومات عامة | |
| حقل البيانات ثابتة الطول | 140319s9999 xx 000 0 ara d |
| 040 ## - مصدر الفهرسة | |
| وكالة الفهرسة الأصلية | GCL / |
| وكالة النسخ | GCL |
| 082 04 - رقم تصنيف ديوى العشرى | |
| رقم التصنيف | 617.7 |
| رقم المادة | ح ك |
| 100 1# - المدخل الرئيسى - إسم شخصى | |
| الإسم الشخصى | مايرهوف, ماكس |
| 245 10 - بيان العنوان | |
| العنوان | كتاب العشرة مقالات فى العين المذسوب لحنين بن اسحق(264-194 ه) / |
| بيان المسئوليه,etc | مايرهوف, ماكس |
| 700 1# - المدخل الاضافى - اسم شخصى | |
| الإسم الشخصى | خال |
| 260 ## - PUBLICATION, DISTRIBUTION, ETC. (IMPRINT) | |
| تاريخ النشر أو التوزيع | 1928 |
| 300 ## - الوصف المادى | |
| التعداد | 449 ص |
| 490 ## - بيان السلسلة | |
| عنوان السلسلة | |
| 650 04 - المدخل الاضافى بالموضوع-مصطلح موضوعى | |
| مصطلح موضوعي | الطب |
| 650 04 - المدخل الاضافى بالموضوع-مصطلح موضوعى | |
| مصطلح موضوعي | طب العيون |
| 942 ## - عناصر المدخل الإضافي( كوها) | |
| مصدر التصنيف او مخطط الترفيف | Dewey Decimal Classification |
| Koha [default] item type | كتاب |
| 260 ## - PUBLICATION, DISTRIBUTION, ETC. (IMPRINT) | |
| -- | [S.N] : |
| -- | المطبعة البولسية ، |
| حالة التراجع | حالة الفقد | حالة تلف | ليس للاعارة | المكان المؤقت | الموقع الحالى | تاريخ الاكتساب | اجمالي اﻻعارات | رقم الطلب | الباركود | تاريخ اخر مشاهدة | تاريخ تفعيل السعر | نوع وعاء كوها |
|---|---|---|---|---|---|---|---|---|---|---|---|---|
| مكتبة القاهرة الكبرى | مكتبة القاهرة الكبرى | 03/26/2014 | 617.7\ح ك | 73314 | 03/26/2014 | 03/26/2014 | كتاب |

